<?xml version="1.0" encoding="UTF-8"?>
<record
    xmlns:xsi="http://www.w3.org/2001/XMLSchema-instance"
    xsi:schemaLocation="http://www.loc.gov/MARC21/slim http://www.loc.gov/standards/marcxml/schema/MARC21slim.xsd"
    xmlns="http://www.loc.gov/MARC21/slim">

  <leader>00365nam a2200145Ia 4500</leader>
  <datafield tag="999" ind1=" " ind2=" ">
    <subfield code="c">10824</subfield>
    <subfield code="d">10824</subfield>
  </datafield>
  <controlfield tag="008">191201s2011    xx            000 0 und d</controlfield>
  <datafield tag="082" ind1=" " ind2=" ">
    <subfield code="a">658.45</subfield>
    <subfield code="b">BLM</subfield>
  </datafield>
  <datafield tag="100" ind1=" " ind2=" ">
    <subfield code="a">BLYTHE, Jim</subfield>
  </datafield>
  <datafield tag="245" ind1=" " ind2="0">
    <subfield code="a">Marketing Communications</subfield>
  </datafield>
  <datafield tag="250" ind1=" " ind2=" ">
    <subfield code="a">2nd</subfield>
  </datafield>
  <datafield tag="260" ind1=" " ind2=" ">
    <subfield code="a">New Delhi</subfield>
    <subfield code="b">Pearson</subfield>
    <subfield code="c">2002</subfield>
  </datafield>
  <datafield tag="300" ind1=" " ind2=" ">
    <subfield code="a">252</subfield>
  </datafield>
  <datafield tag="650" ind1=" " ind2=" ">
    <subfield code="a">Bachelor of Fashion and Apparel Design</subfield>
  </datafield>
  <datafield tag="942" ind1=" " ind2=" ">
    <subfield code="2">ddc</subfield>
    <subfield code="c">BK</subfield>
  </datafield>
  <datafield tag="952" ind1=" " ind2=" ">
    <subfield code="0">0</subfield>
    <subfield code="1">0</subfield>
    <subfield code="2">ddc</subfield>
    <subfield code="4">0</subfield>
    <subfield code="7">0</subfield>
    <subfield code="8">BFAD</subfield>
    <subfield code="a">PIETNCR</subfield>
    <subfield code="b">PIETNCR</subfield>
    <subfield code="d">2021-07-31</subfield>
    <subfield code="e">Kirti Prakashan</subfield>
    <subfield code="f">IN Rupees</subfield>
    <subfield code="g">450.00</subfield>
    <subfield code="k">IN2310</subfield>
    <subfield code="l">0</subfield>
    <subfield code="o">658.45 BLM</subfield>
    <subfield code="p">N1794</subfield>
    <subfield code="r">2021-08-07 00:00:00</subfield>
    <subfield code="v">306.00</subfield>
    <subfield code="w">2021-07-31</subfield>
    <subfield code="y">REF</subfield>
  </datafield>
  <datafield tag="952" ind1=" " ind2=" ">
    <subfield code="0">0</subfield>
    <subfield code="1">0</subfield>
    <subfield code="2">ddc</subfield>
    <subfield code="4">0</subfield>
    <subfield code="7">0</subfield>
    <subfield code="8">BFAD</subfield>
    <subfield code="a">PIETNCR</subfield>
    <subfield code="b">PIETNCR</subfield>
    <subfield code="d">2021-07-31</subfield>
    <subfield code="e">Kirti Prakashan</subfield>
    <subfield code="f">IN Rupees</subfield>
    <subfield code="g">450.00</subfield>
    <subfield code="k">IN2310</subfield>
    <subfield code="l">0</subfield>
    <subfield code="o">658.45 BLM</subfield>
    <subfield code="p">N1795</subfield>
    <subfield code="r">2021-08-07 00:00:00</subfield>
    <subfield code="v">306.00</subfield>
    <subfield code="w">2021-07-31</subfield>
    <subfield code="y">BK</subfield>
  </datafield>
  <datafield tag="952" ind1=" " ind2=" ">
    <subfield code="0">0</subfield>
    <subfield code="1">0</subfield>
    <subfield code="2">ddc</subfield>
    <subfield code="4">0</subfield>
    <subfield code="7">0</subfield>
    <subfield code="8">BFAD</subfield>
    <subfield code="a">PIETNCR</subfield>
    <subfield code="b">PIETNCR</subfield>
    <subfield code="d">2021-07-31</subfield>
    <subfield code="e">Kirti Prakashan</subfield>
    <subfield code="f">IN Rupees</subfield>
    <subfield code="g">450.00</subfield>
    <subfield code="k">IN2310</subfield>
    <subfield code="l">1</subfield>
    <subfield code="o">658.45 BLM</subfield>
    <subfield code="p">N1796</subfield>
    <subfield code="r">2021-12-06 00:00:00</subfield>
    <subfield code="s">2021-12-02</subfield>
    <subfield code="v">306.00</subfield>
    <subfield code="w">2021-07-31</subfield>
    <subfield code="y">BK</subfield>
  </datafield>
  <datafield tag="952" ind1=" " ind2=" ">
    <subfield code="0">0</subfield>
    <subfield code="1">0</subfield>
    <subfield code="2">ddc</subfield>
    <subfield code="4">0</subfield>
    <subfield code="7">0</subfield>
    <subfield code="8">BFAD</subfield>
    <subfield code="a">PIETNCR</subfield>
    <subfield code="b">PIETNCR</subfield>
    <subfield code="d">2021-07-31</subfield>
    <subfield code="e">Kirti Prakashan</subfield>
    <subfield code="f">IN Rupees</subfield>
    <subfield code="g">450.00</subfield>
    <subfield code="k">IN2310</subfield>
    <subfield code="l">1</subfield>
    <subfield code="o">658.45 BLM</subfield>
    <subfield code="p">N1797</subfield>
    <subfield code="q">2026-08-07</subfield>
    <subfield code="r">2026-01-19 00:00:00</subfield>
    <subfield code="s">2026-01-19</subfield>
    <subfield code="v">306.00</subfield>
    <subfield code="w">2021-07-31</subfield>
    <subfield code="y">BK</subfield>
  </datafield>
  <datafield tag="952" ind1=" " ind2=" ">
    <subfield code="0">0</subfield>
    <subfield code="1">0</subfield>
    <subfield code="2">ddc</subfield>
    <subfield code="4">0</subfield>
    <subfield code="7">0</subfield>
    <subfield code="8">BFAD</subfield>
    <subfield code="a">PIETNCR</subfield>
    <subfield code="b">PIETNCR</subfield>
    <subfield code="d">2021-07-31</subfield>
    <subfield code="e">Kirti Prakashan</subfield>
    <subfield code="f">IN Rupees</subfield>
    <subfield code="g">450.00</subfield>
    <subfield code="k">IN2310</subfield>
    <subfield code="l">1</subfield>
    <subfield code="o">658.45 BLM</subfield>
    <subfield code="p">N1798</subfield>
    <subfield code="r">2021-12-06 00:00:00</subfield>
    <subfield code="s">2021-12-02</subfield>
    <subfield code="v">306.00</subfield>
    <subfield code="w">2021-07-31</subfield>
    <subfield code="y">BK</subfield>
  </datafield>
</record>
